| 000 | 00706nam a2200241 a 4500 | ||
|---|---|---|---|
| 001 | BRL_959 | ||
| 005 | 20190320210954.0 | ||
| 008 | 291013s1948----mx-a######---#000-0#eng-# | ||
| 041 | _aeng | ||
| 044 | _amx | ||
| 050 | 4 |
_aND259.R5 _b.F47 1948 |
|
| 100 | 1 |
_aFernández, Justino _d1904-1972 _96551 |
|
| 245 | 1 | 0 |
_aDiego Rivera _cText by: Justino Fernández. |
| 260 |
_aMéxico _bEugene Fischgrund _c1948 |
||
| 300 |
_a1 portafolio _bil., 10 láminas _c40 cm. |
||
| 500 | _aAu2354 | ||
| 500 | _a10 Reproductions in color of mexican frescos | ||
| 600 | 1 | 4 |
_aRivera, Diego _d1886-1957 _91330 |
| 650 | 1 | 4 |
_aPintores mexicanos _94220 |
| 650 | 1 | 4 |
_apintura mural _zMéxico _95317 |
| 902 | _aGRL | ||
| 942 |
_2lcc _cB |
||
| 999 |
_c9771 _d9771 |
||